000 00839nam a2200277 u 4500
003 UPN
005 20240412121632.0
008 080408t2004 ve a br 000 1 spa d
020 _a9806406575
035 _aUPN01000155315
040 _aMX-MxUPN
_bspa
_cMX-MxUPN
041 _aspa
050 4 _aPZ74.1
_bG37 2004
100 1 _aGarmendia, Salvador,
_d1928-2001
_936360
245 1 3 _aLa viuda que se quedó tiesa
260 _aCaracas :
_bRayuela,
_c©2004.
300 _a[28] páginas:
_bilustraciones
490 _aColección Narrativa infantil
650 4 _aCuentos infantiles venezolanos
_910764
650 4 _aEmociones
_939
700 1 _951507
_aIrazabál, Víctor Hugo,
_d1945-
_eilustración
700 1 _951508
_aRuíz, Marvic
_eilustración
902 _bMaríaRobles/110424
905 _aInfantil
942 _2lcc
_cLIBRO
_n0
999 _c127430
_d127430